=LDR 00000nam 2200000 4500 =001 INLIS000000000002679 =005 20130612091012 =008 ***********************************Ind** =035 ##$$0010-061300000002679 =041 ##$$a Ind =082 ##$$a 629.227 5 =090 ##$$a 629.227 5, Kiy t =100 ##$$a Kiyaku, Yaswaki =245 ##$$a Teknik praktis merawat sepeda motor, Yaswaki Kiyaku =260 ##$$a 1998 $b Bandung =300 ##$$a vii,113 hlm, ilus, 20 cm =650 ##$$a Sepeda Motor =850 ##$$a NBPNMAT